000 01032nam a2200253 a 4500
001 000017915
003 DO-SdBNP
005 20250318152142.0
008 100407s1992 dr abc 000 0bspa d
040 _aDO-SdBNP
_bspa
_cBNPHU
082 _a923.946
_bC719S
100 1 _aSilie Gatón, Domingo
_917549
245 1 0 _aSoliloquios de Colón /
_cDomingo Silie Gatón ; prólogo Fernando A. Silie Gatón.
260 _aSanto Domingo :
_bArte y Cine,
_c1992.
300 _a109 p. :
_bil., mapas, retrs. ;
_c28 cm.
500 _aIncluye datos biográficos del autor en la contraportada.
500 _aIncluye síntesis cronológica de la vida de Colón.
600 1 4 _aCOLÓN, CRISTÓBAL
_d1451-1506
_vCORRESPONDENCIAS, MEMORIAS, ETC.
_938864
600 1 4 _aCOLÓN, CRISTÓBAL
_d1451-1506
_xVIAJES
_918590
651 4 _aAmérica --
_xDescubrimiento y exploración --
_xEspañoles
_9544
_vEnsayo, conferencias, etc.
700 1 _aSilie Gatón, Fernando A.,
_epról.
_938865
910 _aValidado. Control de calidad EMS
942 _2ddc
_cLBS1
999 _c17439
_d17439